Arnold v Britton (Record no. 84711)

MARC details
000 -LEADER
fixed length control field 00903cab a22001935a 4500
001 - CONTROL NUMBER
control field L158844
008 - FIXED-LENGTH DATA ELEMENTS--GENERAL INFORMATION
fixed length control field 150817e2015 xxk 000 0 eng d
035 ## - SYSTEM CONTROL NUMBER
System control number (Sirsi) u158844
041 0# - LANGUAGE CODE
Language code of text/sound track or separate title eng
245 00 - TITLE STATEMENT
Title Arnold v Britton
Medium [electronic resource]
260 ## - PUBLICATION, DISTRIBUTION, ETC.
Date of publication, distribution, etc. 2015
520 ## - SUMMARY, ETC.
Summary, etc. [2015] UKSC 36, 10 June 2015. Appeal by tenant leaseholders of 25 holiday chalets over interpretation of service charge provisons relating to a 10% increase each year over the term of the leases. "Held" that tenants were bound by their contracts to pay the 10% annual increase unless landlord agrees to vary terms of lease. "Appeal" dismissed.
590 ## - LOCAL NOTE (RLIN)
Local note KA
650 24 - SUBJECT ADDED ENTRY--TOPICAL TERM
Topical term or geographic name entry element SERVICE CHARGES
690 ## - LOCAL SUBJECT ADDED ENTRY--TOPICAL TERM (OCLC, RLIN)
Topical term or geographic name as entry element Residential property
9 (RLIN) 6266
690 ## - LOCAL SUBJECT ADDED ENTRY--TOPICAL TERM (OCLC, RLIN)
Topical term or geographic name as entry element Landlord and tenant
9 (RLIN) 6252
856 40 - ELECTRONIC LOCATION AND ACCESS
Uniform Resource Identifier <a href="https://www.bailii.org/uk/cases/UKSC/2015/36.html">https://www.bailii.org/uk/cases/UKSC/2015/36.html</a>
Public note View the item free of charge from the www.bailii.org website.
942 ## - ADDED ENTRY ELEMENTS (KOHA)
Suppress in OPAC 0
Holdings
Withdrawn status Lost status Source of classification or shelving scheme Damaged status Not for loan Home library Current library Shelving location Date acquired Total Checkouts Full call number Barcode Date last seen Copy number Price effective from Koha item type
    Dewey Decimal Classification     Virtual Virtual Online 17/08/2015   ONLINE PUBLICATION 158844-2001 06/08/2019 1 06/08/2019 Law report